[Event "Serbia op-A"]
[Site "Belgrade"]
[Date "2025.07.17"]
[Round "4"]
[White "Tsarsitalidis, Konstantinos"]
[Black "Bukreev, Stanislav"]
[Result "0-1"]
[WhiteElo "2193"]
[BlackElo "2305"]
[PlyCount "64"]
[EventDate "2025.07.14"]
[EventType "swiss"]
[EventRounds "9"]
[EventCountry "SRB"]
[SourceTitle "CB30_2025"]
[SourceDate "2025.07.23"]
[SourceVersion "1"]
[SourceVersionDate "2025.07.23"]
[SourceQuality "1"]

1. e4 e6 2. d4 d5 3. Nc3 Nf6 4. Bg5 Be7 5. e5 Nfd7 6. h4 Bxg5 7. hxg5 Qxg5 8. Nh3 Qh4 9. Qd3 a6 10. g3 Qe7 11. Nf4 c5 12. 0-0-0 Nc6 13. Rxh7 Rxh7 14. Qxh7 cxd4 15. Nce2 Qg5 16. Kb1 Qxe5 17. Qh8+ Ke7 18. Nd3 Qf6 19. f4 b6 20. Qh2 a5 21. g4 Ba6 22. g5 Qg6 23. Ng1 Qf5 24. Bh3 Rh8 25. Qg3 Qh7 26. f5 Qh4 27. Qc7 Rc8 28. Qh2 Bxd3 29. cxd3 Nce5 30. fxe6 fxe6 31. Qe2 Qg3 32. Re1 Rf8 0-1

[Event "Thessaloniki tt Final 4"]
[Site "Thessaloniki"]
[Date "2025.05.18"]
[Round "2.6"]
[White "Tsarsitalidis, Konstantinos"]
[Black "Tsinaris, Fotis"]
[Result "1-0"]
[WhiteElo "2186"]
[BlackElo "1917"]
[PlyCount "65"]
[EventDate "2025.05.17"]
[EventType "team-k.o."]
[EventRounds "2"]
[EventCountry "GRE"]
[SourceTitle "CB21_2025"]
[SourceDate "2025.05.21"]
[SourceVersion "1"]
[SourceVersionDate "2025.05.21"]
[SourceQuality "1"]
[WhiteTeam "Thessaloniki Leykos Pyrgos"]
[BlackTeam "Polygoroy"]
[WhiteTeamCountry "GRE"]
[BlackTeamCountry "GRE"]

1. e4 c6 2. d4 d5 3. Nd2 dxe4 4. Nxe4 Nf6 5. Nxf6+ exf6 6. Be3 Bd6 7. Bd3 0-0 8. Ne2 Re8 9. 0-0 Nd7 10. c4 Nf8 11. Qc2 Bg4 12. Nc3 Rc8 13. h3 Be6 14. Qd2 Bb8 15. Bf4 Bxf4 16. Qxf4 Ng6 17. Bxg6 hxg6 18. d5 cxd5 19. cxd5 Bd7 20. Qd4 b6 21. Rfe1 f5 22. Rxe8+ Bxe8 23. d6 Bc6 24. Re1 Qf6 25. Qxf6 gxf6 26. Nd5 Kg7 27. Ne7 Re8 28. Rc1 Bb5 29. Nc8 Rd8 30. Nxa7 Be8 31. Rc8 Rd7 32. Nb5 Kf8 33. Nc7 1-0

[Event "Chania Theodorakis Memorial 4th"]
[Site "Chania"]
[Date "2025.04.25"]
[Round "7"]
[White "Tsarsitalidis, Konstantinos"]
[Black "Kollias, Ioannis K"]
[Result "1/2-1/2"]
[WhiteElo "2186"]
[BlackElo "1949"]
[PlyCount "168"]
[EventDate "2025.04.21"]
[EventType "swiss"]
[EventRounds "9"]
[EventCountry "GRE"]
[SourceTitle "CB20_2025"]
[SourceDate "2025.05.14"]
[SourceVersion "1"]
[SourceVersionDate "2025.05.14"]
[SourceQuality "1"]

1. e4 e5 2. Nf3 Nc6 3. Bc4 Nf6 4. d3 Be7 5. 0-0 0-0 6. Nc3 d6 7. a4 Kh8 8. h3 Ng8 9. Nd5 f5 10. Nxe7 Ngxe7 11. Ng5 Qe8 12. Ne6 Bxe6 13. Bxe6 Qg6 14. exf5 Nxf5 15. Bd5 Nce7 16. Bxb7 Rab8 17. Be4 d5 18. Bxf5 Nxf5 19. b3 Rb4 20. c4 Nh4 21. Qg4 Qxg4 22. hxg4 Rxb3 23. cxd5 Rxd3 24. Bg5 Ng6 25. Rfd1 Rxd1+ 26. Rxd1 h6 27. Be3 Rd8 28. Rc1 Rd7 29. Bxa7 Rxd5 30. Bb8 Ra5 31. Rc4 c6 32. g3 Ra8 33. Bc7 Ra6 34. a5 Kg8 35. Rc5 e4 36. Rc4 Ne7 37. Bb6 Kf7 38. Ra4 Nd5 39. Bd4 g6 40. Bb2 c5 41. Kg2 Nb4 42. Bc1 g5 43. Be3 Nc6 44. Bd2 Nd4 45. Bc3 Nb5 46. Be1 Nd6 47. Bc3 Nb5 48. Bb2 Nd6 49. Be5 Ke6 50. Bg7 Kd5 51. Bxh6 Nc4 52. Bxg5 Rxa5 53. Rxa5 Nxa5 54. Bf6 Ke6 55. Bc3 Nc4 56. g5 Kf5 57. g4+ Kxg5 58. Kg3 Nd6 59. Bd2+ Kf6 60. Kf4 Ke6 61. Bc3 c4 62. Bb4 Nb5 63. Kxe4 c3 64. f4 c2 65. f5+ Kf7 66. Bd2 Nd6+ 67. Kd5 Nb5 68. g5 Nc3+ 69. Ke5 Ne2 70. f6 Kg6 71. Kd6 Kf7 72. Ke5 Kg6 73. Ke6 Nd4+ 74. Ke7 Nf5+ 75. Kd7 Kf7 76. Bc1 Kg6 77. Ba3 Kf7 78. Bb2 Kg6 79. Ke6 Nd4+ 80. Kd5 Nf3 81. Ke4 Nxg5+ 82. Kd3 Nh7 83. Kxc2 Nxf6 84. Bxf6 Kxf6 1/2-1/2

[Event "Chania Theodorakis Memorial 4th"]
[Site "Chania"]
[Date "2025.04.22"]
[Round "3"]
[White "Tsarsitalidis, Konstantinos"]
[Black "Nevednichy, Vladislav"]
[Result "0-1"]
[WhiteElo "2186"]
[BlackElo "2445"]
[PlyCount "84"]
[EventDate "2025.04.21"]
[EventType "swiss"]
[EventRounds "9"]
[EventCountry "GRE"]
[SourceTitle "CB20_2025"]
[SourceDate "2025.05.14"]
[SourceVersion "1"]
[SourceVersionDate "2025.05.14"]
[SourceQuality "1"]

1. e4 c5 2. Nf3 d6 3. d4 cxd4 4. Nxd4 Nf6 5. Nc3 Nc6 6. Bg5 e6 7. Qd3 Bd7 8. Be2 a6 9. 0-0-0 b5 10. Nxc6 Bxc6 11. Bf3 Qc7 12. Ne2 Rc8 13. Nd4 Bd7 14. Bxf6 gxf6 15. Bh5 Rg8 16. g4 Qc4 17. Qxc4 Rxc4 18. f3 Ke7 19. h4 Bh6+ 20. Kb1 Rgc8 21. Rh2 a5 22. g5 fxg5 23. hxg5 Bxg5 24. Bxf7 h6 25. Bh5 b4 26. Rg2 e5 27. Nb3 a4 28. Nc1 Be6 29. b3 axb3 30. axb3 R4c6 31. Nd3 Rb6 32. Re2 Bd7 33. f4 exf4 34. e5 d5 35. Rf1 Bb5 36. Nxb4 Bxe2 37. Nxd5+ Ke6 38. Nxb6 Bxh5 39. Nxc8 Be2 40. Rf2 f3 41. Nd6 Be3 42. Ne4 Kxe5 0-1

[Event "Thessaloniki SKG op-A 5th"]
[Site "Thessaloniki"]
[Date "2024.08.13"]
[Round "9"]
[White "Tsarsitalidis, Konstantinos"]
[Black "Tsaknakis, Zisis"]
[Result "1-0"]
[WhiteElo "2225"]
[BlackElo "2305"]
[PlyCount "127"]
[EventDate "2024.08.06"]
[EventType "swiss"]
[EventRounds "9"]
[EventCountry "GRE"]
[SourceTitle "EXT 2025"]
[Source "ChessBase"]
[SourceDate "2024.10.14"]
[SourceVersion "1"]
[SourceVersionDate "2024.10.14"]
[SourceQuality "1"]

1. e4 c5 2. Nf3 d6 3. d4 cxd4 4. Nxd4 Nf6 5. Nc3 a6 6. Be3 e5 7. Nb3 Be7 8. f3 Be6 9. Qd2 h5 10. Nd5 Bxd5 11. exd5 Nbd7 12. 0-0-0 Qc7 13. c4 a5 14. Kb1 0-0 15. Na1 a4 16. Nc2 a3 17. b3 Rfc8 18. Rc1 Nc5 19. h4 Qb6 20. Qb4 Bd8 21. Qxb6 Bxb6 22. Rd1 Nfd7 23. Bc1 Ra6 24. Nxa3 Rca8 25. b4 Rxa3 26. Bxa3 Rxa3 27. bxc5 Nxc5 28. Kb2 Re3 29. Kc2 f5 30. f4 exf4 31. Rh3 Rxh3 32. gxh3 f3 33. Rb1 Ba7 34. Bd3 g6 35. Rf1 f2 36. Kd2 Kg7 37. Bc2 Kf6 38. Ke2 Ke5 39. Rd1 Nd7 40. Rb1 Nc5 41. Kxf2 Kd4 42. Ke2 Ke5 43. Rg1 Kf6 44. Rg3 Bb6 45. Ra3 Bd8 46. Ra8 Be7 47. Ba4 Kg7 48. Ra7 Bxh4 49. Bc6 g5 50. Bxb7 g4 51. Bc8+ Kg6 52. hxg4 hxg4 53. a4 g3 54. Kf1 Nd3 55. Rd7 f4 56. Rxd6+ Kg5 57. Rd8 f3 58. Rg8+ Kf4 59. Rg4+ Ke3 60. Rxh4 g2+ 61. Kg1 Nc1 62. Rg4 Ne2+ 63. Kh2 Kf2 64. d6 1-0

[Event "Thessaloniki SKG op-A 5th"]
[Site "Thessaloniki"]
[Date "2024.08.07"]
[Round "3"]
[White "Tsarsitalidis, Konstantinos"]
[Black "Krallis, Christos"]
[Result "0-1"]
[WhiteElo "2225"]
[BlackElo "2360"]
[PlyCount "72"]
[EventDate "2024.08.06"]
[EventType "swiss"]
[EventRounds "9"]
[EventCountry "GRE"]
[SourceTitle "EXT 2025"]
[Source "ChessBase"]
[SourceDate "2024.10.14"]
[SourceVersion "1"]
[SourceVersionDate "2024.10.14"]
[SourceQuality "1"]

1. e4 c5 2. Nf3 Nc6 3. d4 cxd4 4. Nxd4 e5 5. Nb5 d6 6. N1c3 a6 7. Na3 Be6 8. Nc4 b5 9. Ne3 Nf6 10. Bd3 g6 11. 0-0 Bg7 12. a4 b4 13. Ncd5 0-0 14. Nxf6+ Bxf6 15. Bc4 Bxc4 16. Nxc4 Nd4 17. Ne3 Rc8 18. Bd2 Bg5 19. Rc1 a5 20. Re1 h5 21. c3 bxc3 22. Rxc3 Rb8 23. Rd3 Rxb2 24. Bc3 Ra2 25. Bxd4 exd4 26. Rxd4 Bxe3 27. Rxe3 Qf6 28. Rf3 Qe5 29. g3 Rb8 30. Kg2 Rbb2 31. h4 Qc5 32. Qd3 Rc2 33. Qe3 Kg7 34. Rf5 Qb6 35. Rf3 Ra1 36. Qb3 Rxf2+ 0-1

[Event "Kavala op-A 33rd"]
[Site "Kavala"]
[Date "2024.07.30"]
[Round "3"]
[White "Tarhan, Adar"]
[Black "Tsarsitalidis, Konstantinos"]
[Result "1-0"]
[WhiteElo "2475"]
[BlackElo "2225"]
[PlyCount "59"]
[EventDate "2024.07.29"]
[EventType "swiss"]
[EventRounds "9"]
[EventCountry "GRE"]
[SourceTitle "EXT 2025"]
[Source "ChessBase"]
[SourceDate "2024.10.14"]
[SourceVersion "1"]
[SourceVersionDate "2024.10.14"]
[SourceQuality "1"]

1. e4 c5 2. Nf3 d6 3. Nc3 Nf6 4. Bb5+ Bd7 5. Qe2 e6 6. Bxd7+ Nfxd7 7. d4 cxd4 8. Nxd4 Be7 9. Be3 0-0 10. 0-0-0 a6 11. f4 Nc6 12. f5 e5 13. Nf3 Qa5 14. Kb1 Rfc8 15. Nd5 Bf8 16. a3 Ne7 17. f6 Nxd5 18. Rxd5 Qa4 19. fxg7 Bxg7 20. Bg5 Nb6 21. Rxd6 Nc4 22. Rd5 Rc6 23. Bc1 Rac8 24. Qd3 Rb6 25. b3 Bf8 26. Ka2 Nxa3 27. bxa4 Rxc2+ 28. Qxc2 Nxc2 29. Bd2 Ba3 30. Rb1 1-0

[Event "Kavala op-A 33rd"]
[Site "Kavala"]
[Date "2024.07.30"]
[Round "2"]
[White "Tsarsitalidis, Konstantinos"]
[Black "Alexakis, Dimitris"]
[Result "1/2-1/2"]
[WhiteElo "2225"]
[BlackElo "2492"]
[PlyCount "102"]
[EventDate "2024.07.29"]
[EventType "swiss"]
[EventRounds "9"]
[EventCountry "GRE"]
[SourceTitle "EXT 2025"]
[Source "ChessBase"]
[SourceDate "2024.10.14"]
[SourceVersion "1"]
[SourceVersionDate "2024.10.14"]
[SourceQuality "1"]

1. e4 c5 2. Nf3 Nc6 3. d4 cxd4 4. Nxd4 Nf6 5. Nc3 d6 6. Bc4 Bd7 7. 0-0 e6 8. Bg5 a6 9. Re1 Be7 10. a4 0-0 11. Nb3 Rc8 12. Bf1 Qc7 13. a5 Ne5 14. h3 h6 15. Bf4 Rfd8 16. Nd2 Bc6 17. Bg3 Be8 18. Kh2 h5 19. Kg1 Qc5 20. Bf4 Qb4 21. Qc1 Rxc3 22. bxc3 Qxc3 23. Ra3 Qc7 24. Qb2 Rc8 25. c4 Nfd7 26. Ra2 Nc5 27. Qc3 Bf6 28. Qa3 Bc6 29. Be3 Qe7 30. Bxc5 dxc5 31. f4 Ng6 32. e5 Bh4 33. g3 Nxf4 34. gxh4 Qxh4 35. Qe3 Rd8 36. Kh2 Nd3 37. Re2 Nc1 38. Nf3 Bxf3 39. Qxf3 Nxa2 40. Rxa2 Qe1 41. Re2 Rd2 42. Rxd2 Qxd2+ 43. Bg2 Qxa5 44. Qxb7 g6 45. Qc6 Kg7 46. Qd6 Qb4 47. Qd8 Qe1 48. Qf6+ Kg8 49. Qd8+ Kh7 50. Qf6 Kg8 51. Qd8+ Kh7 1/2-1/2

[Event "Belgrade Serbia op"]
[Site "Belgrade"]
[Date "2024.07.19"]
[Round "7"]
[White "Damljanovic, Branko"]
[Black "Tsarsitalidis, Konstantinos"]
[Result "1-0"]
[WhiteElo "2364"]
[BlackElo "2225"]
[PlyCount "47"]
[EventDate "2024.07.12"]
[EventType "swiss"]
[EventRounds "9"]
[EventCountry "SRB"]
[SourceTitle "CBM 221 Extra"]
[Source "ChessBase"]
[SourceDate "2024.09.30"]
[SourceVersion "1"]
[SourceVersionDate "2024.09.30"]
[SourceQuality "1"]

1. d4 Nf6 2. c4 g6 3. Nc3 d5 4. Nf3 Bg7 5. h4 c6 6. Bg5 Ne4 7. e3 Qa5 8. Qb3 Nxg5 9. hxg5 e6 10. 0-0-0 Nd7 11. Kb1 a6 12. e4 dxc4 13. Bxc4 0-0 14. e5 c5 15. Ne4 b5 16. Be2 Bb7 17. d5 Qb4 18. Qxb4 cxb4 19. Nf6+ Bxf6 20. gxf6 Bxd5 21. Ng5 Nxe5 22. Rxh7 Bxg2 23. Rg7+ Kh8 24. Rd4 1-0

[Event "Belgrade Serbia op"]
[Site "Belgrade"]
[Date "2024.07.15"]
[Round "4"]
[White "Vujovic, Vera"]
[Black "Tsarsitalidis, Konstantinos"]
[Result "0-1"]
[WhiteElo "2135"]
[BlackElo "2225"]
[PlyCount "128"]
[EventDate "2024.07.12"]
[EventType "swiss"]
[EventRounds "9"]
[EventCountry "SRB"]
[SourceTitle "CBM 221 Extra"]
[Source "ChessBase"]
[SourceDate "2024.09.30"]
[SourceVersion "1"]
[SourceVersionDate "2024.09.30"]
[SourceQuality "1"]

1. e4 c5 2. Nf3 d6 3. d4 cxd4 4. Nxd4 Nf6 5. Nc3 a6 6. Be3 e5 7. Nf3 Qc7 8. a4 Be7 9. Be2 0-0 10. 0-0 h6 11. a5 Nbd7 12. Nd2 b5 13. axb6 Nxb6 14. f4 Bb7 15. Kh1 Nbd7 16. Bf3 exf4 17. Bxf4 Ne5 18. Be2 Qb6 19. Ra2 Rac8 20. h3 Rc6 21. Qa1 Ng6 22. Nc4 Qc7 23. Na5 Rxc3 24. bxc3 Nxf4 25. Rxf4 Nxe4 26. Rf3 Bc8 27. Nb3 d5 28. Bxa6 Ng3+ 29. Kg1 Bf5 30. Bd3 Be4 31. Rf2 Qb8 32. Nd4 Bg5 33. Bxe4 dxe4 34. Qe1 g6 35. Ra3 Qd6 36. Ra5 Rb8 37. Rb5 Ra8 38. Rb1 Rc8 39. Rd1 Qc7 40. Rb1 h5 41. Rb5 Bh6 42. Rb3 h4 43. Ra3 Qc5 44. Rb3 Qa7 45. Rb1 Ra8 46. Rd1 Qc7 47. Rb1 Rc8 48. Rb3 Qe7 49. Rb1 Ra8 50. Rd1 Re8 51. Ne2 Qa7 52. Rd4 Be3 53. Nxg3 Bxd4 54. cxd4 hxg3 55. Rd2 e3 56. Kf1 Qa6+ 57. Re2 Qf6+ 58. Kg1 Qf2+ 59. Qxf2 exf2+ 60. Kf1 Ra8 61. Rxf2 gxf2 62. Kxf2 Rc8 63. Ke3 Rxc2 64. d5 Rxg2 0-1

[Event "Belgrade Serbia op"]
[Site "Belgrade"]
[Date "2024.07.13"]
[Round "2"]
[White "Savic, Nemanja"]
[Black "Tsarsitalidis, Konstantinos"]
[Result "1/2-1/2"]
[WhiteElo "2110"]
[BlackElo "2225"]
[PlyCount "178"]
[EventDate "2024.07.12"]
[EventType "swiss"]
[EventRounds "9"]
[EventCountry "SRB"]
[SourceTitle "CBM 221 Extra"]
[Source "ChessBase"]
[SourceDate "2024.09.30"]
[SourceVersion "1"]
[SourceVersionDate "2024.09.30"]
[SourceQuality "1"]

1. e4 c5 2. Nf3 d6 3. Bb5+ Nd7 4. c3 a6 5. Ba4 Ngf6 6. Qe2 b5 7. Bc2 e5 8. d4 Be7 9. 0-0 0-0 10. Rd1 Qc7 11. a4 bxa4 12. Rxa4 Rd8 13. dxe5 dxe5 14. c4 Re8 15. Nc3 Nb6 16. Ra2 h6 17. h3 Bf8 18. Be3 Re6 19. Rda1 Rb8 20. b3 Re8 21. Ne1 Bb7 22. f3 Nh5 23. Qf2 Nf4 24. Kh2 Ne6 25. Nd3 Nd4 26. Kg1 Rbd8 27. Nb2 Re6 28. Nd5 Qb8 29. Na4 Nxd5 30. cxd5 Ree8 31. Bd3 Bc8 32. Bc4 Kh8 33. Nc3 Qb6 34. Ne2 Qg6 35. Kh1 f5 36. exf5 Nxf5 37. Bxc5 Bxc5 38. Qxc5 e4 39. f4 e3 40. Kh2 Nh4 41. Ng3 Qf6 42. Rf1 Bb7 43. Re2 Rc8 44. Qa7 Re7 45. Rxe3 Nxg2 46. Rxe7 Qxe7 47. Rf2 Nh4 48. Qd4 Rd8 49. f5 Rd6 50. f6 Rxf6 51. Rxf6 Qxf6 52. Qxf6 gxf6 53. Ne4 Kg7 54. Nc5 Bc8 55. d6 Nf3+ 56. Kg3 Ne5 57. Bxa6 Bxa6 58. Nxa6 Kf7 59. Nc5 Nc6 60. Kg4 Nb4 61. Kf5 Nc6 62. Ke4 Nb4 63. Kd4 Nc6+ 64. Kd5 Nb4+ 65. Kc4 Nc2 66. b4 Na3+ 67. Kd5 Nb5 68. d7 Ke7 69. Kc6 Nd4+ 70. Kc7 Nb5+ 71. Kc6 Nd4+ 72. Kd5 Nb5 73. Ke4 Nc3+ 74. Kf5 Ne2 75. Kg4 Nd4 76. Kh5 f5 77. Kxh6 f4 78. Kg6 f3 79. Nd3 Nc6 80. d8Q+ Kxd8 81. Nf2 Nxb4 82. h4 Nd5 83. Kf5 Ke7 84. Ke4 Ke6 85. Kxf3 Kf5 86. Nh1 Nf6 87. Ng3+ Kg6 88. h5+ Nxh5 89. Nxh5 Kxh5 1/2-1/2

[Event "GRE-chT 51st"]
[Site "Trikala"]
[Date "2024.07.04"]
[Round "1.2"]
[White "Tsarsitalidis, Konstantinos"]
[Black "Nikolaidis, Ioannis"]
[Result "1/2-1/2"]
[WhiteElo "2224"]
[BlackElo "2491"]
[PlyCount "90"]
[EventDate "2024.07.04"]
[EventType "team-swiss"]
[EventRounds "7"]
[EventCountry "GRE"]
[SourceTitle "CBM 221 Extra"]
[Source "ChessBase"]
[SourceDate "2024.09.30"]
[SourceVersion "1"]
[SourceVersionDate "2024.09.30"]
[SourceQuality "1"]
[WhiteTeam "Thessaloniki Lefkos Pyrgos"]
[BlackTeam "Peiraikos OS"]
[WhiteTeamCountry "GRE"]
[BlackTeamCountry "GRE"]

1. e4 e5 2. Nf3 Nc6 3. Bc4 Bc5 4. c3 Nf6 5. d3 a6 6. a4 d6 7. 0-0 Ba7 8. Re1 0-0 9. h3 h6 10. Nbd2 Re8 11. a5 Be6 12. Bxe6 Rxe6 13. Nc4 d5 14. exd5 Qxd5 15. Ne3 Bxe3 16. Bxe3 Rd8 17. d4 Qb5 18. Qc2 exd4 19. Nxd4 Nxd4 20. Bxd4 Rxe1+ 21. Rxe1 Re8 22. Rxe8+ Nxe8 23. b4 Qd7 24. Qe2 Nd6 25. Bc5 Nf5 26. Qe4 c6 27. Qe5 h5 28. Qe2 h4 29. Qe5 f6 30. Qe2 g6 31. Qc4+ Kg7 32. Qf4 g5 33. Qe4 Kf7 34. Qe2 Qe6 35. Qd1 Kg6 36. Qd2 Qe4 37. Qd8 Qe1+ 38. Kh2 Qe6 39. Kg1 Kf7 40. Qc7+ Kg6 41. Qd8 Ng3 42. Qd3+ Qe4 43. Qxe4+ Nxe4 44. Bd4 Kf5 45. Kf1 Ke6 1/2-1/2

[Event "Thessaloniki White Tower op-A 44th"]
[Site "Thessaloniki"]
[Date "2024.01.05"]
[Round "5"]
[White "Giannopoulos, Iasonas"]
[Black "Tsarsitalidis, Konstantinos"]
[Result "0-1"]
[WhiteElo "1700"]
[BlackElo "2180"]
[PlyCount "82"]
[EventDate "2024.01.02"]
[EventType "swiss"]
[EventRounds "9"]
[EventCountry "GRE"]
[SourceTitle "CBM 218 Extra"]
[Source "ChessBase"]
[SourceDate "2024.03.31"]
[SourceVersion "1"]
[SourceVersionDate "2024.03.31"]
[SourceQuality "1"]

1. e4 c5 2. Nf3 d6 3. d4 cxd4 4. Nxd4 Nf6 5. Nc3 a6 6. Bg5 e6 7. f4 Nbd7 8. Bc4 Qb6 9. Bb3 Be7 10. Qd2 Nc5 11. Bxf6 Bxf6 12. 0-0-0 0-0 13. g4 Bxd4 14. Qxd4 e5 15. Qxd6 Qxd6 16. Rxd6 exf4 17. g5 Bh3 18. Rd2 Nxb3+ 19. axb3 f6 20. gxf6 Rxf6 21. Rg1 Re8 22. Rf2 Rf7 23. Rf3 Bd7 24. h4 h6 25. Kd2 Re5 26. Rgf1 g5 27. hxg5 hxg5 28. Kd3 Bc6 29. Kd4 Re6 30. Nd5 Rh6 31. Rg1 Rg7 32. Rf2 Rhg6 33. c4 Kf7 34. Ke5 Bd7 35. b4 Rh6 36. Rfg2 f3 37. Rf2 g4 38. Kf4 Rgh7 39. Ne3 Rh2 40. Rxh2 Rxh2 41. Nxg4 Bxg4 0-1

[Event "Piraeus IM 12"]
[Site "Piraeus"]
[Date "2023.12.19"]
[Round "6"]
[White "Tsarsitalidis, Konstantinos"]
[Black "Krallis, Christos"]
[Result "1/2-1/2"]
[WhiteElo "2156"]
[BlackElo "2321"]
[PlyCount "116"]
[EventDate "2023.12.14"]
[EventType "tourn"]
[EventRounds "9"]
[EventCountry "GRE"]
[EventCategory "2"]
[SourceTitle "CBM 217 Extra"]
[Source "ChessBase"]
[SourceDate "2024.01.31"]
[SourceVersion "1"]
[SourceVersionDate "2024.01.31"]
[SourceQuality "1"]

1. e4 c5 2. Nf3 e6 3. d4 cxd4 4. Nxd4 Nf6 5. Nc3 Nc6 6. Ndb5 d6 7. Bf4 e5 8. Bg5 a6 9. Na3 b5 10. Nd5 Be7 11. Bxf6 Bxf6 12. c3 Ne7 13. Nc2 Nxd5 14. exd5 0-0 15. Be2 Bg5 16. a4 bxa4 17. Rxa4 Qb6 18. Rb4 Qa7 19. Ra4 Qb7 20. Rb4 Qd7 21. 0-0 a5 22. Bb5 Qf5 23. Ra4 Qg6 24. Na3 Bf5 25. Bc6 Rab8 26. b4 axb4 27. cxb4 Bd3 28. Re1 e4 29. b5 f5 30. Rd4 f4 31. Rxd3 exd3 32. f3 Bh4 33. Re6 Rf6 34. Re4 Qf7 35. Qxd3 Qa7+ 36. Kh1 Bf2 37. Qb3 Rh6 38. h3 Qf7 39. Qa2 Bc5 40. Nc2 Qg6 41. Nd4 Rh5 42. Ne2 Rf8 43. Bd7 Rh4 44. Qa1 h6 45. Qe1 Qg5 46. Nc3 Be3 47. Nd1 Bc5 48. Re8 Rxe8 49. Qxe8+ Kh7 50. Be6 h5 51. Qg8+ Kh6 52. Qh8+ Kg6 53. Qe8+ Kh7 54. Qg8+ Kh6 55. Qh8+ Kg6 56. Qe8+ Kh6 57. Qh8+ Kg6 58. Qe8+ Kh6 1/2-1/2

[Event "Piraeus IM 12"]
[Site "Piraeus"]
[Date "2023.12.18"]
[Round "5"]
[White "Fodor, Balazs"]
[Black "Tsarsitalidis, Konstantinos"]
[Result "0-1"]
[WhiteElo "2225"]
[BlackElo "2156"]
[PlyCount "74"]
[EventDate "2023.12.14"]
[EventType "tourn"]
[EventRounds "9"]
[EventCountry "GRE"]
[EventCategory "2"]
[SourceTitle "CBM 217 Extra"]
[Source "ChessBase"]
[SourceDate "2024.01.31"]
[SourceVersion "1"]
[SourceVersionDate "2024.01.31"]
[SourceQuality "1"]

1. e4 c5 2. Nf3 d6 3. d4 cxd4 4. Nxd4 Nf6 5. Nc3 a6 6. h3 e5 7. Nf3 h6 8. g4 Be6 9. g5 hxg5 10. Nxg5 Qc7 11. Be3 Nbd7 12. Qd2 Nb6 13. Nxe6 fxe6 14. 0-0-0 0-0-0 15. f4 exf4 16. Bxf4 Nh5 17. Bh2 g6 18. Kb1 Bh6 19. Qg2 Be3 20. Qg4 Qe7 21. Nd5 Nxd5 22. exd5 Ng7 23. dxe6 Bc5 24. Bc4 Nf5 25. Rde1 Ne3 26. Qe2 d5 27. Bd3 Qxe6 28. Bf4 Rde8 29. Rhg1 Qf6 30. Bg5 Qb6 31. Rg3 d4 32. Kc1 Qd6 33. Rf3 Qd5 34. Bxe3 Qxa2 35. Qg2 Qa1+ 36. Kd2 Bb4+ 37. c3 Qxb2+ 0-1

[Event "GRE-chT 50th"]
[Site "Nikaia"]
[Date "2023.08.28"]
[Round "5.2"]
[White "Tsarsitalidis, Konstantinos"]
[Black "Stoumbos, Konstantinos"]
[Result "0-1"]
[WhiteElo "2172"]
[BlackElo "2117"]
[PlyCount "146"]
[EventDate "2023.08.25"]
[EventType "team"]
[EventRounds "9"]
[EventCountry "GRE"]
[SourceTitle "CBM 216 Extra"]
[Source "ChessBase"]
[SourceDate "2023.11.30"]
[SourceVersion "1"]
[SourceVersionDate "2023.11.30"]
[SourceQuality "1"]
[WhiteTeam "Sath Likos Pirgos"]
[BlackTeam "Panionios"]
[WhiteTeamCountry "GRE"]
[BlackTeamCountry "GRE"]

1. e4 e6 2. d4 d5 3. Nc3 Bb4 4. e5 Qd7 5. Bd2 b6 6. Qg4 Bf8 7. b4 f5 8. exf6 Nxf6 9. Qh3 Bxb4 10. Nf3 0-0 11. Ne5 Qe8 12. Be2 Ba6 13. Bxa6 Nxa6 14. Qd3 Bxc3 15. Bxc3 Qa4 16. 0-0 c5 17. Rae1 Ne4 18. Rxe4 dxe4 19. Qxe4 Rad8 20. Nf3 cxd4 21. Ng5 Rfe8 22. Qxh7+ Kf8 23. Qh8+ Ke7 24. Qxg7+ Kd6 25. Nf7+ Kc6 26. Nxd8+ Rxd8 27. Qe7 dxc3 28. Qxd8 Qxc2 29. Qa8+ Kb5 30. Qe8+ Ka5 31. Qxe6 Nb4 32. h4 Qd3 33. Qb3 c2 34. h5 Qxf1+ 35. Kxf1 c1Q+ 36. Ke2 Qf4 37. a3 Qe4+ 38. Kf1 Nd5 39. f3 Qd4 40. h6 Qd2 41. Kg1 Nf4 42. Qg8 Qe1+ 43. Kh2 Qh4+ 44. Kg1 Qxh6 45. Qf7 a6 46. Qe7 Nd3 47. Qe4 Qc1+ 48. Kh2 Qxa3 49. Qd5+ b5 50. Qd8+ Ka4 51. Qd4+ Nb4 52. f4 Qd3 53. Qa1+ Kb3 54. g3 Na2 55. Qe1 b4 56. Qe6+ Kb2 57. f5 Nc3 58. f6 Ne4 59. Qe5+ Kc2 60. f7 Qe2+ 61. Kg1 Qf2+ 62. Kh1 Nxg3+ 63. Qxg3 Qxg3 64. f8Q Qe1+ 65. Kh2 Qe2+ 66. Kh1 b3 67. Qc5+ Kb1 68. Qf5+ Qc2 69. Qa5 Qe4+ 70. Kh2 b2 71. Qxa6 Kc2 72. Qc8+ Kd1 73. Qd7+ Ke1 0-1

[Event "GRE-chT 50th"]
[Site "Nikaia"]
[Date "2023.08.26"]
[Round "2.2"]
[White "Tsarsitalidis, Konstantinos"]
[Black "Stathopoulos, Ioannis"]
[Result "1/2-1/2"]
[WhiteElo "2172"]
[BlackElo "2299"]
[PlyCount "60"]
[EventDate "2023.08.25"]
[EventType "team"]
[EventRounds "9"]
[EventCountry "GRE"]
[SourceTitle "CBM 216 Extra"]
[Source "ChessBase"]
[SourceDate "2023.11.30"]
[SourceVersion "1"]
[SourceVersionDate "2023.11.30"]
[SourceQuality "1"]
[WhiteTeam "Sath Likos Pirgos"]
[BlackTeam "Ames Neas Erythreas"]
[WhiteTeamCountry "GRE"]
[BlackTeamCountry "GRE"]

1. e4 c5 2. Nf3 d6 3. d4 cxd4 4. Nxd4 Nf6 5. Nc3 a6 6. Be3 e5 7. Nb3 Be7 8. f3 Be6 9. Qd2 h5 10. 0-0-0 Nbd7 11. Kb1 Rc8 12. Nd5 Nxd5 13. exd5 Bf5 14. Bd3 Bxd3 15. Qxd3 Bg5 16. Bf2 0-0 17. h4 Bh6 18. g4 hxg4 19. fxg4 Bf4 20. Be3 Bxe3 21. Qxe3 f5 22. gxf5 Rxf5 23. h5 Nf8 24. Nd2 Nh7 25. Rdg1 Rc7 26. h6 g5 27. Ne4 Kh8 28. Ng3 Rff7 29. Nh5 Qc8 30. Rc1 Rc5 1/2-1/2

[Event "GRE-chT 50th"]
[Site "Nikaia"]
[Date "2023.08.25"]
[Round "1.2"]
[White "Tsarsitalidis, Konstantinos"]
[Black "Koukas, Anastasios"]
[Result "1/2-1/2"]
[WhiteElo "2172"]
[BlackElo "1987"]
[PlyCount "31"]
[EventDate "2023.08.25"]
[EventType "team"]
[EventRounds "9"]
[EventCountry "GRE"]
[SourceTitle "CBM 216 Extra"]
[Source "ChessBase"]
[SourceDate "2023.11.30"]
[SourceVersion "1"]
[SourceVersionDate "2023.11.30"]
[SourceQuality "1"]
[WhiteTeam "Sath Likos Pirgos"]
[BlackTeam "Irakleiou Attikis"]
[WhiteTeamCountry "GRE"]
[BlackTeamCountry "GRE"]

1. e4 c5 2. Nf3 Nc6 3. d4 cxd4 4. Nxd4 Nf6 5. Nc3 e5 6. Ndb5 d6 7. Bg5 a6 8. Na3 b5 9. Nd5 Be7 10. Bxf6 Bxf6 11. c3 0-0 12. Nc2 Rb8 13. a4 bxa4 14. Ncb4 Nxb4 15. cxb4 Bb7 16. Rxa4 1/2-1/2